[Event "Quebec op U2000"]
[Site "Montreal CAN"]
[Date "2023.08.03"]
[Round "7.26"]
[White "Yang, Jing Yao"]
[Black "Plante, Michel"]
[Result "0-1"]
[WhiteElo "1555"]
[BlackElo "2010"]
[PlyCount "98"]
[EventDate "2023.07.29"]
[EventType "swiss"]
[EventRounds "9"]
[EventCountry "CAN"]

1. e4 d6 2. d4 Nf6 3. Nc3 Nbd7 4. Nf3 e5 5. Bc4 Be7 6. O-O c6 7. a4 Qc7 8. h3
h6 9. Be3 g5 10. b4 Nf8 11. d5 cxd5 12. Bb5+ Bd7 13. Nxd5 Nxd5 14. Qxd5 Bc6 15.
c4 a6 16. Bxc6+ bxc6 17. Qd3 Ne6 18. a5 c5 19. Qd5 Rb8 20. b5 O-O 21. bxa6 Qa7
22. Rfb1 Qxa6 23. Bd2 Rfc8 24. g3 Nd4 25. Nxd4 cxd4 26. Rb5 Qa8 27. Rab1 Qxd5
28. exd5 Ra8 29. Rc1 Ra6 30. Rb7 Bd8 31. Rb5 Be7 32. Kf1 f5 33. Ke2 Kf7 34. Kd3
Bf6 35. f3 Re8 36. Re1 Ra7 37. Rb6 Rae7 38. Rxd6 e4+ 39. fxe4 fxe4+ 40. Ke2 Kg7
41. Rg1 Be5 42. Rc6 Rb7 43. Rb6 Rf7 44. Re6 Rxe6 45. dxe6 Rf3 46. Rb1 d3+ 47.
Kd1 Rf1+ 48. Be1 Bc3 49. Rb7+ Kg6 0-1

[Event "Quebec op U2000"]
[Site "Montreal CAN"]
[Date "2023.08.03"]
[Round "7.27"]
[White "Liu, Lucas"]
[Black "Democri, Fardin"]
[Result "0-1"]
[WhiteElo "1334"]
[BlackElo "1715"]
[PlyCount "50"]
[EventDate "2023.07.29"]
[EventType "swiss"]
[EventRounds "9"]
[EventCountry "CAN"]

1. d4 Nf6 2. c4 e6 3. Nf3 d5 4. Nc3 Bb4 5. Bg5 h6 6. Bxf6 Qxf6 7. e3 c5 8. Qb3
O-O 9. cxd5 exd5 10. Qxd5 Nc6 11. a3 Be6 12. Qe4 Bf5 13. Qd5 Rfe8 14. axb4 Nxb4
15. Qxc5 Nc2+ 16. Kd1 Nxa1 17. e4 Bg4 18. Be2 Nb3 19. Qb4 Bxf3 20. Bxf3 Qxd4+
21. Qxd4 Nxd4 22. Kd2 f5 23. exf5 Nxf3+ 24. gxf3 Rf8 25. Nd5 Rad8 0-1

[Event "Quebec op U2000"]
[Site "Montreal CAN"]
[Date "2023.08.03"]
[Round "7.28"]
[White "Guillemette, Thomas"]
[Black "Cloutier, Jean-Pierre"]
[Result "1-0"]
[WhiteElo "1600"]
[BlackElo "1654"]
[PlyCount "47"]
[EventDate "2023.07.29"]
[EventType "swiss"]
[EventRounds "9"]
[EventCountry "CAN"]

1. e4 g6 2. d4 Bg7 3. Nc3 c5 4. Nf3 cxd4 5. Nxd4 Nc6 6. Be3 d6 7. Bc4 Nf6 8. f3
O-O 9. Qd2 Nxd4 10. Bxd4 a6 11. g4 b5 12. Bb3 Bb7 13. h4 b4 14. Na4 a5 15. h5
e5 16. Be3 Bxe4 17. fxe4 Nxe4 18. Qd5 Nf6 19. Qg2 d5 20. hxg6 hxg6 21. Qh3 Re8
22. Bh6 Qd7 23. Bxg7 Kxg7 24. Qh6+ 1-0

[Event "Quebec op U2000"]
[Site "Montreal CAN"]
[Date "2023.08.03"]
[Round "7.29"]
[White "Giroux, Robert"]
[Black "St-Germain, Jack"]
[Result "1-0"]
[WhiteElo "1843"]
[BlackElo "1635"]
[PlyCount "55"]
[EventDate "2023.07.29"]
[EventType "swiss"]
[EventRounds "9"]
[EventCountry "CAN"]

1. Nf3 d5 2. e3 Nf6 3. b3 c5 4. Bb2 e6 5. Be2 Bd6 6. O-O O-O 7. c4 Nc6 8. cxd5
exd5 9. d4 cxd4 10. Nxd4 Re8 11. Nd2 Nxd4 12. Bxd4 Bf5 13. Nf3 Ne4 14. Bb2 Re6
15. Qd4 Rg6 16. Rfd1 Bg4 17. Qxd5 Bxf3 18. Bxf3 Bxh2+ 19. Kf1 Qxd5 20. Rxd5 Nf6
21. Rd2 Bc7 22. Bxb7 Rb8 23. Rc1 Ba5 24. Rdc2 h5 25. Rc8+ Rxc8 26. Rxc8+ Kh7
27. Bd4 Ng4 28. Be4 1-0

[Event "Quebec op U2000"]
[Site "Montreal CAN"]
[Date "2023.08.03"]
[Round "7.30"]
[White "Omichi, Haruaki"]
[Black "Beaulieu, Pierre"]
[Result "1-0"]
[WhiteElo "1568"]
[BlackElo "1758"]
[PlyCount "109"]
[EventDate "2023.07.29"]
[EventType "swiss"]
[EventRounds "9"]
[EventCountry "CAN"]

1. e4 g6 2. d4 Bg7 3. c4 c5 4. Nf3 d6 5. d5 Bg4 6. Bd3 Nd7 7. h3 Bxf3 8. Qxf3
Ngf6 9. Qe2 a6 10. O-O O-O 11. Nc3 Qc7 12. Bf4 Nh5 13. Bh2 Bd4 14. Kh1 Ne5 15.
f4 Nxd3 16. Qxd3 Ng7 17. Rae1 b5 18. cxb5 axb5 19. Nxb5 Qb7 20. Nxd4 cxd4 21.
Qxd4 Rxa2 22. f5 f6 23. fxg6 hxg6 24. Rf2 Qa7 25. Qxa7 Rxa7 26. b4 Rb8 27. Rb2
Rb5 28. Rd1 Rab7 29. Rd4 Kf7 30. g4 g5 31. Kg2 Ne8 32. Rc4 Nc7 33. Rc6 Ke8 34.
Bg3 Kd7 35. Rc4 Na6 36. Be1 Rc5 37. Rd4 Nc7 38. Bd2 Rcb5 39. Ra2 R5b6 40. Rc4
Nb5 41. Be3 Rb8 42. Bxb6 Rxb6 43. Ra8 Rb7 44. Rcc8 Ra7 45. Rd8+ Kc7 46. Rac8+
Kb7 47. Rb8+ Ka6 48. Rdc8 Nc7 49. b5+ Nxb5 50. Rc1 Rb7 51. Ra8+ Na7 52. Ra1+
Kb6 53. Rb1+ Nb5 54. Rc8 Ka6 55. Ra1+ 1-0

[Event "Quebec op U2000"]
[Site "Montreal CAN"]
[Date "2023.08.03"]
[Round "7.31"]
[White "Blanchet, Robert"]
[Black "Goldner, John"]
[Result "1-0"]
[WhiteElo "1810"]
[BlackElo "1628"]
[PlyCount "45"]
[EventDate "2023.07.29"]
[EventType "swiss"]
[EventRounds "9"]
[EventCountry "CAN"]

1. e4 e5 2. Nf3 Nc6 3. Bc4 Nf6 4. d3 d5 5. exd5 Nxd5 6. Qe2 Bg4 7. h3 Bxf3 8.
Qxf3 Nf6 9. O-O Bd6 10. Bg5 Nd4 11. Qxb7 Rb8 12. Qxa7 Ra8 13. Qb7 Nxc2 14. Qc6+
Ke7 15. Qd5 Qg8 16. Nc3 Nxa1 17. d4 h6 18. dxe5 hxg5 19. exd6+ cxd6 20. Re1+
Ne4 21. Rxe4+ Kf6 22. Qxd6+ Kf5 23. g4# 1-0

[Event "Quebec op U2000"]
[Site "Montreal CAN"]
[Date "2023.08.03"]
[Round "7.32"]
[White "Forget, Luc"]
[Black "Morin, Louis"]
[Result "0-1"]
[WhiteElo "1771"]
[BlackElo "1806"]
[PlyCount "102"]
[EventDate "2023.07.29"]
[EventType "swiss"]
[EventRounds "9"]
[EventCountry "CAN"]

1. d4 e5 2. dxe5 Nc6 3. Nf3 Qe7 4. Nc3 Nxe5 5. Nxe5 Qxe5 6. g3 Bb4 7. Bd2 Nf6
8. Bg2 O-O 9. O-O d6 10. a3 Ba5 11. Bf4 Qh5 12. Nd5 Nxd5 13. Qxd5 Qxd5 14. Bxd5
Be6 15. Rad1 Bxd5 16. Rxd5 Bb6 17. Re1 f5 18. Kg2 Rae8 19. f3 Be3 20. Bxe3 Rxe3
21. Kf2 Re6 22. Red1 Rfe8 23. R1d2 g6 24. c4 Kf7 25. c5 dxc5 26. Rxc5 c6 27.
Rd7+ R8e7 28. Rxe7+ Kxe7 29. h4 b6 30. Rc2 c5 31. Rd2 Rd6 32. Rc2 a6 33. Ke3 h6
34. b4 cxb4 35. axb4 a5 36. bxa5 bxa5 37. Rc5 Ra6 38. Kd3 Kd6 39. Rb5 Kc6 40.
Rb2 Rb6 41. Rxb6+ Kxb6 42. e4 fxe4+ 43. Kxe4 Kc5 44. g4 a4 45. Kd3 g5 46. hxg5
hxg5 47. Kc3 Kd5 48. Kb4 Ke5 49. Kxa4 Kf4 50. Kb3 Kxf3 51. Kc2 Kxg4 0-1

[Event "Quebec op U2000"]
[Site "Montreal CAN"]
[Date "2023.08.03"]
[Round "7.33"]
[White "Nardone, Raul"]
[Black "Duval, Mathieu"]
[Result "1/2-1/2"]
[WhiteElo "1765"]
[BlackElo "1744"]
[PlyCount "65"]
[EventDate "2023.07.29"]
[EventType "swiss"]
[EventRounds "9"]
[EventCountry "CAN"]

1. d4 d5 2. Nf3 c5 3. c4 cxd4 4. Qxd4 dxc4 5. Nc3 Qxd4 6. Nxd4 e5 7. Ndb5 Kd8
8. Bg5+ f6 9. O-O-O+ Bd7 10. Be3 Nc6 11. g3 f5 12. Bg2 Nf6 13. h3 e4 14. Rd2
Kc8 15. Rhd1 a6 16. Nd6+ Bxd6 17. Rxd6 b5 18. Bg5 Ra7 19. Bxf6 gxf6 20. Nd5 Ne5
21. Nb6+ Kd8 22. Rxf6 Ke7 23. Nxd7 Rxd7 24. Rxd7+ Kxf6 25. Rd6+ Ke7 26. Rxa6 h5
27. Rb6 h4 28. Rxb5 Kf6 29. Rb6+ Kf7 30. Rb7+ Kf6 31. Rb6+ Kf7 32. Rb7+ Kf6 33.
Rb6+ 1/2-1/2

[Event "Quebec op U2000"]
[Site "Montreal CAN"]
[Date "2023.08.03"]
[Round "7.34"]
[White "Ouni, Iheb"]
[Black "Baran, Marius"]
[Result "1/2-1/2"]
[WhiteElo "1189"]
[BlackElo "1803"]
[PlyCount "42"]
[EventDate "2023.07.29"]
[EventType "swiss"]
[EventRounds "9"]
[EventCountry "CAN"]

1. e4 d5 2. exd5 Nf6 3. Nc3 Nxd5 4. Nxd5 Qxd5 5. c4 Qa5 6. Nf3 Nc6 7. Bd3 Bg4
8. h3 Bh5 9. g4 Bg6 10. Bxg6 hxg6 11. Qc2 O-O-O 12. Qc3 Qc5 13. d4 Qd6 14. Be3
Qf6 15. Ng5 e6 16. O-O-O Bb4 17. Qb3 b5 18. Ne4 Qf3 19. Ng5 Qf6 20. Ne4 Qf3 21.
Ng5 Qf6 1/2-1/2

[Event "Quebec op U2000"]
[Site "Montreal CAN"]
[Date "2023.08.03"]
[Round "7.35"]
[White "Morais, Antoine"]
[Black "Selling, Edward"]
[Result "1/2-1/2"]
[WhiteElo "1532"]
[BlackElo "1625"]
[PlyCount "60"]
[EventDate "2023.07.29"]
[EventType "swiss"]
[EventRounds "9"]
[EventCountry "CAN"]

1. e4 c5 2. Nf3 Nc6 3. d4 cxd4 4. Nxd4 a6 5. Nc3 e6 6. Be3 Nf6 7. Nxc6 dxc6 8.
Qxd8+ Kxd8 9. O-O-O+ Ke8 10. f3 b5 11. g4 h6 12. Be2 e5 13. Bb6 Be7 14. Bc7 Nd7
15. Bd6 Bxd6 16. Rxd6 Bb7 17. Rhd1 Rd8 18. a4 Ke7 19. b3 Nc5 20. Rxd8 Rxd8 21.
Rxd8 Kxd8 22. a5 Ne6 23. b4 Ke7 24. Nd1 Nd4 25. Kd2 Kd6 26. c3 Ne6 27. Ne3 g6
28. c4 Nd4 29. c5+ Ke6 30. Nc2 Nxc2 1/2-1/2

[Event "Quebec op U2000"]
[Site "Montreal CAN"]
[Date "2023.08.04"]
[Round "8.19"]
[White "Fiset, Anais Chloe"]
[Black "Brassard, Sylvain"]
[Result "1-0"]
[WhiteElo "1457"]
[BlackElo "1725"]
[PlyCount "133"]
[EventDate "2023.07.29"]
[EventType "swiss"]
[EventRounds "9"]
[EventCountry "CAN"]

1. e4 c5 2. Nf3 Nc6 3. Bb5 g6 4. O-O Bg7 5. c3 Nf6 6. Re1 O-O 7. d4 cxd4 8.
cxd4 a6 9. Bxc6 dxc6 10. Nc3 Bg4 11. Be3 e5 12. dxe5 Nd7 13. h3 Bxf3 14. Qxf3
Nxe5 15. Qe2 Qd3 16. Rad1 Qxe2 17. Rxe2 Rad8 18. Bc5 Rxd1+ 19. Nxd1 Rd8 20. Ne3
Rd7 21. Rc2 Nd3 22. Ba3 Rd4 23. f3 Nb4 24. Bxb4 Rxb4 25. Nd1 Rd4 26. Ne3 Rd3
27. Ng4 h5 28. Nf2 Rd7 29. Kf1 Kf8 30. Ke2 Ke7 31. Nd3 Bd4 32. b3 Kd6 33. f4 f6
34. Kf3 Re7 35. b4 b6 36. Rc4 Ba1 37. a4 b5 38. axb5 axb5 39. Rc1 Bd4 40. Rd1
Kc7 41. Rc1 Re8 42. Re1 Ra8 43. e5 f5 44. g4 Ra3 45. Rd1 Bc3 46. gxf5 gxf5 47.
Kf2 Bd4+ 48. Kg3 Ra8 49. Kh4 Kb6 50. Kxh5 Rg8 51. h4 c5 52. bxc5+ Bxc5 53. Nxc5
Kxc5 54. Kh6 b4 55. h5 b3 56. Kh7 Rg2 57. Re1 b2 58. e6 Re2 59. Rb1 Kd6 60. Kg7
Kxe6 61. h6 Ke7 62. h7 Rg2+ 63. Kh6 Rh2+ 64. Kg6 Rg2+ 65. Kxf5 Rh2 66. Rxb2
Rxh7 67. Rb7+ 1-0

[Event "Quebec op U2000"]
[Site "Montreal CAN"]
[Date "2023.08.04"]
[Round "8.20"]
[White "Kozlov, Guennadi"]
[Black "Alcantara, Maximo"]
[Result "0-1"]
[WhiteElo "1321"]
[BlackElo "1875"]
[PlyCount "110"]
[EventDate "2023.07.29"]
[EventType "swiss"]
[EventRounds "9"]
[EventCountry "CAN"]

1. c4 Nf6 2. g3 c5 3. Bg2 g6 4. Nc3 Bg7 5. Nf3 O-O 6. O-O d6 7. d3 Nc6 8. a3
Rb8 9. Qc2 Bf5 10. h3 Qd7 11. Kh2 a6 12. e4 Be6 13. Ng5 h6 14. Nxe6 Qxe6 15.
Rb1 b5 16. Nd5 Nd4 17. Qd1 Kh7 18. Nf4 Qc8 19. Bd2 Nd7 20. Nd5 e6 21. Ne3 Ne5
22. f4 Nec6 23. b4 f5 24. bxc5 dxc5 25. e5 Rd8 26. cxb5 axb5 27. Rf2 Qa6 28.
Qc1 Bf8 29. Bc3 b4 30. axb4 cxb4 31. Bxd4 Nxd4 32. Ra1 Qc8 33. Ra7+ Kg8 34. Nc4
Qc5 35. Rfa2 Ne2 36. Qe1 Nc3 37. R2a5 Nb5 38. Qe2 Qd4 39. R7a6 Bc5 40. Qe1 Kf7
41. Rc6 Be7 42. Raa6 Qxd3 43. Nd6+ Nxd6 44. exd6 Rxd6 45. Rxd6 Bxd6 46. Ra7+
Be7 47. Qe5 Re8 48. Qc7 Qd8 49. Qb7 Qd6 50. Qb5 Rb8 51. Qc4 b3 52. Ra6 Rb6 53.
Ra8 Rb8 54. Ra6 Qxa6 55. Qxa6 Bd8 (55... b2 56. Bd5 exd5 57. Qd3 b1=Q 58. Qxd5+
Kf8) 0-1

[Event "Quebec op U2000"]
[Site "Montreal CAN"]
[Date "2023.08.04"]
[Round "8.21"]
[White "Beaupre, Eugene"]
[Black "Craciun, David"]
[Result "1-0"]
[WhiteElo "1825"]
[BlackElo "1930"]
[PlyCount "75"]
[EventDate "2023.07.29"]
[EventType "swiss"]
[EventRounds "9"]
[EventCountry "CAN"]

1. e4 e5 2. Nf3 Nc6 3. Nc3 Nf6 4. d4 exd4 5. Nxd4 Bb4 6. Nxc6 bxc6 7. Bd3 d5 8.
exd5 cxd5 9. O-O O-O 10. h3 Bb7 11. Qf3 Qd7 12. Bg5 Bxc3 13. bxc3 Ne4 14. Be3
f5 15. Bxe4 fxe4 16. Qg3 Ba6 17. Rfd1 Bc4 18. a3 a5 19. Rab1 Rfb8 20. Bf4 Rxb1
21. Rxb1 c6 22. Bc7 Bb5 23. a4 Bxa4 24. Rb7 Bxc2 25. Qe3 a4 26. Qb6 Qe8 27. Bd6
Rc8 28. Qa7 e3 29. Rxg7+ Kh8 30. Qd4 Qe4 31. Rc7+ Qxd4 32. Rxc8+ Kg7 33. cxd4
e2 34. Re8 Be4 35. Bb4 Kf6 36. f3 Bd3 37. Kf2 Kf7 38. Re5 1-0

[Event "Quebec op U2000"]
[Site "Montreal CAN"]
[Date "2023.08.04"]
[Round "8.22"]
[White "Plante, Michel"]
[Black "Tachijian, Mardig"]
[Result "1/2-1/2"]
[WhiteElo "2010"]
[BlackElo "1717"]
[PlyCount "107"]
[EventDate "2023.07.29"]
[EventType "swiss"]
[EventRounds "9"]
[EventCountry "CAN"]

1. d4 Nf6 2. Nc3 d5 3. Bf4 c6 4. e3 g6 5. h4 Bg7 6. h5 Nxh5 7. Rxh5 gxh5 8.
Qxh5 Nd7 9. Qh2 Nf8 10. Bd3 h5 11. Nf3 Bg4 12. Ne5 Qc8 13. f3 Bf5 14. e4 dxe4
15. Nxe4 Bxe4 16. Bxe4 Qe6 17. O-O-O Bxe5 18. Bxe5 f6 19. Bc7 Qxa2 20. d5 Qa1+
21. Kd2 Qxb2 22. dxc6 Qd4+ 23. Ke1 Qc3+ 24. Kf1 bxc6 25. Qg3 Kf7 26. Re1 Qc5
27. Qh3 Rg8 28. Bf5 Qc4+ 29. Kg1 Qd4+ 30. Kh1 e5 31. Be4 Rg5 32. f4 Qf2 33. Re3
Qf1+ 34. Kh2 Qxf4+ 35. Kg1 Re8 36. Bxc6 Re7 37. Bd8 Qg4 38. Bd5+ Ke8 39. Qxg4
hxg4 40. Bxe7 Kxe7 41. Ra3 Kd6 42. c4 Rg7 43. Ra6+ Kc5 44. Rxf6 Nd7 45. Rc6+
Kd4 46. Rc7 Rh7 47. Rxa7 Nf6 48. Rxh7 Nxh7 49. Kf2 Nf6 50. Be6 e4 51. c5 e3+
52. Ke2 Kxc5 53. Kxe3 Kd6 54. Bxg4 1/2-1/2

[Event "Quebec op U2000"]
[Site "Montreal CAN"]
[Date "2023.08.04"]
[Round "8.23"]
[White "Madanchi, Ata"]
[Black "Espagnol-Echeverria, Manuel"]
[Result "0-1"]
[WhiteElo "1836"]
[BlackElo "1806"]
[PlyCount "72"]
[EventDate "2023.07.29"]
[EventType "swiss"]
[EventRounds "9"]
[EventCountry "CAN"]

1. e4 e5 2. Nf3 Nc6 3. d4 exd4 4. Nxd4 Bc5 5. Nb3 Bb6 6. a4 Qf6 7. Qe2 a5 8.
Nc3 Nge7 9. Nd5 Nxd5 10. exd5+ Ne7 11. h4 h6 12. d6 Qxd6 13. Bd2 Qe6 14. O-O-O
Qxe2 15. Bxe2 d5 16. Bc3 O-O 17. g4 c5 18. g5 d4 19. Bd2 h5 20. Bxh5 c4 21. Na1
Bd7 22. b3 Rac8 23. bxc4 Rxc4 24. Be2 Rcc8 25. Kb2 Bxa4 26. Nb3 Bc6 27. Rh3 a4
28. Bb4 axb3 29. Bxe7 bxc2 30. Rc1 Rfe8 31. Bg4 Ra8 32. Ba3 Be4 33. f3 d3 34.
Rh2 Bd4+ 35. Kb3 Bd5+ 36. Kb4 Be5 0-1

[Event "Quebec op U2000"]
[Site "Montreal CAN"]
[Date "2023.08.04"]
[Round "8.24"]
[White "Democri, Fardin"]
[Black "Bedhouche, Rayan"]
[Result "1-0"]
[WhiteElo "1715"]
[BlackElo "1850"]
[PlyCount "89"]
[EventDate "2023.07.29"]
[EventType "swiss"]
[EventRounds "9"]
[EventCountry "CAN"]

1. e4 e6 2. Nc3 d5 3. d4 Bb4 4. a3 Bxc3+ 5. bxc3 dxe4 6. Qg4 Nf6 7. Qxg7 Rg8 8.
Qh6 c5 9. Ne2 Nc6 10. Be3 Rg6 11. Qh4 Ne7 12. Bg5 Nf5 13. Qf4 cxd4 14. Rd1 Qa5
15. Bxf6 Rxf6 16. Qxe4 e5 17. f4 Ne3 18. Rc1 Re6 19. Qxh7 Nd5 20. Qd3 exf4 21.
Qxd4 Nxc3 22. Kf2 Ne4+ 23. Kg1 Qg5 24. h4 Qg4 25. Rd1 Nd6 26. Qxf4 Qg6 27. Qg3
Qxc2 28. Qg8+ Kd7 29. Rc1 Qd2 30. Qg4 Qe3+ 31. Kh2 Qe5+ 32. Ng3 Ke7 33. Bd3 Rg6
34. Qf3 Re6 35. Rhe1 Qxe1 36. Rxe1 Rxe1 37. Nf5+ Bxf5 38. Bxf5 Rh8 39. Qf4 Re2
40. Qg5+ Ke8 41. Qf6 Rh5 42. Qxd6 Rxf5 43. Qb8+ Ke7 44. Qxb7+ Kf8 45. Qc8+ 1-0

[Event "Quebec op U2000"]
[Site "Montreal CAN"]
[Date "2023.08.04"]
[Round "8.25"]
[White "Chasles, Jean-Benoit"]
[Black "Guillemette, Thomas"]
[Result "0-1"]
[WhiteElo "1825"]
[BlackElo "1600"]
[PlyCount "60"]
[EventDate "2023.07.29"]
[EventType "swiss"]
[EventRounds "9"]
[EventCountry "CAN"]

1. e4 c5 2. Nf3 d6 3. d4 cxd4 4. Nxd4 Nf6 5. Nc3 g6 6. Be3 Bg7 7. f3 Nc6 8. Qd2
O-O 9. g4 Bd7 10. h4 h5 11. gxh5 Nxh5 12. O-O-O a6 13. Nxc6 bxc6 14. Bh6 Qb6
15. Bxg7 Kxg7 16. Be2 Rab8 17. b3 Rh8 18. Rdg1 Qb4 19. Kb2 c5 20. f4 c4 21.
Qd4+ e5 22. fxe5 cxb3 23. Qxd6 bxa2+ 24. Qxb4 Rxb4+ 25. Kxa2 Nf4 26. Bd3 Be6+
27. Nd5 Nxd3 28. cxd3 Rhb8 29. Ka3 Rb3+ 30. Ka2 R3b5 0-1

[Event "Quebec op U2000"]
[Site "Montreal CAN"]
[Date "2023.08.04"]
[Round "8.27"]
[White "Omichi, Haruaki"]
[Black "Giroux, Robert"]
[Result "1-0"]
[WhiteElo "1568"]
[BlackElo "1843"]
[PlyCount "101"]
[EventDate "2023.07.29"]
[EventType "swiss"]
[EventRounds "9"]
[EventCountry "CAN"]

1. e4 c6 2. d4 d5 3. Nd2 dxe4 4. Nxe4 Nf6 5. Nxf6+ exf6 6. Be3 Bd6 7. Nf3 O-O
8. Bd3 Re8 9. O-O Nd7 10. c3 Nf8 11. Qc2 Qc7 12. h3 Bf4 13. Rae1 Be6 14. Bxf4
Qxf4 15. Re4 Qc7 16. Rfe1 Red8 17. R4e3 Qa5 18. b3 Rac8 19. c4 g6 20. Qb2 Kg7
21. b4 Qh5 22. Nd2 Nd7 23. c5 Bd5 24. Nc4 Qg5 25. Rg3 Qf4 26. Nd6 h5 27. Bc4
Bxc4 28. Re4 Qxe4 29. Nxe4 Bd5 30. Nd6 Rb8 31. Qe2 Nf8 32. Qxh5 Be6 33. f4 f5
34. Nxf5+ Bxf5 35. Qxf5 Rd5 36. Qe4 Nd7 37. f5 Nf6 38. Qe7 Rxf5 39. Rf3 Nd5 40.
Qd7 Rxf3 41. gxf3 Rh8 42. Qxb7 Rxh3 43. Qxc6 Nxb4 44. Qb7 Nd3 45. c6 Rg3+ 46.
Kh2 Rg5 47. c7 Nf4 48. c8=Q Rg2+ 49. Kh1 Rxa2 50. Qc4 Ra1+ 51. Kh2 1-0

[Event "Quebec op U2000"]
[Site "Montreal CAN"]
[Date "2023.08.04"]
[Round "8.28"]
[White "Blanchet, Robert"]
[Black "Cloutier, Eric"]
[Result "1-0"]
[WhiteElo "1810"]
[BlackElo "1815"]
[PlyCount "55"]
[EventDate "2023.07.29"]
[EventType "swiss"]
[EventRounds "9"]
[EventCountry "CAN"]

1. e4 c6 2. d4 d5 3. Nd2 dxe4 4. Nxe4 Nd7 5. Nf3 Ngf6 6. Ng3 e6 7. Bc4 c5 8.
O-O cxd4 9. Nxd4 Bc5 10. Nb3 Be7 11. Qe2 O-O 12. Bf4 a6 13. Rad1 b5 14. Bd3 Bb7
15. Rfe1 Re8 16. c4 bxc4 17. Bxc4 Nd5 18. Bd2 a5 19. Ne4 a4 20. Nd4 N7f6 21.
Ng5 Qb6 22. Bc3 Nxc3 23. bxc3 Nd5 24. Qh5 Bxg5 25. Qxg5 Nxc3 26. Rd3 Rac8 27.
Nxe6 fxe6 28. Rd7 1-0

[Event "Quebec op U2000"]
[Site "Montreal CAN"]
[Date "2023.08.04"]
[Round "8.29"]
[White "Morin, Louis"]
[Black "Liu, Lucas"]
[Result "1-0"]
[WhiteElo "1806"]
[BlackElo "1334"]
[PlyCount "39"]
[EventDate "2023.07.29"]
[EventType "swiss"]
[EventRounds "9"]
[EventCountry "CAN"]

1. e4 c5 2. Nf3 Nc6 3. d4 cxd4 4. c3 Nf6 5. e5 Nd5 6. cxd4 e6 7. Be2 d6 8. O-O
Be7 9. Re1 O-O 10. Bd3 dxe5 11. dxe5 Qc7 12. Qe2 b6 13. Ng5 Bxg5 14. Bxg5 Ndb4
15. Bxh7+ Kxh7 16. Qh5+ Kg8 17. Bf6 Ne7 18. Nc3 Nf5 19. Re4 Nh6 20. Rh4 1-0

[Event "Quebec op U2000"]
[Site "Montreal CAN"]
[Date "2023.08.04"]
[Round "8.30"]
[White "St-Germain, Jack"]
[Black "Yang, Jing Yao"]
[Result "0-1"]
[WhiteElo "1635"]
[BlackElo "1555"]
[PlyCount "108"]
[EventDate "2023.07.29"]
[EventType "swiss"]
[EventRounds "9"]
[EventCountry "CAN"]

1. e4 e5 2. Nf3 Nc6 3. Bb5 a6 4. Ba4 Nf6 5. O-O b5 6. Bb3 Be7 7. Re1 O-O 8. a4
b4 9. d4 d6 10. dxe5 Nxe5 11. Nxe5 dxe5 12. Qe2 Bb7 13. f3 Qd4+ 14. Be3 Qd7 15.
a5 Bc6 16. Rd1 Qc8 17. Nd2 Bb5 18. Qf2 c5 19. Nc4 Bxc4 20. Bxc4 Qc7 21. b3 Ne8
22. Rd5 Nf6 23. Rxc5 Bxc5 24. Bxc5 Rfb8 25. Bb6 Qe7 26. Rd1 Nd7 27. Bc7 Re8 28.
Bd6 Qg5 29. Bxb4 Nf6 30. Bd2 Qg6 31. Be3 Nh5 32. Rd7 Rf8 33. Bc5 Nf4 34. Kh1
Qc6 35. Rd6 Qc7 36. g3 Ne6 37. Bb4 Rfd8 38. Rxd8+ Qxd8 39. Bd5 Rc8 40. c3 Nc7
41. Qc5 Nxd5 42. Qxd5 Qf6 43. Qd3 Rd8 44. Qe3 h6 45. Qe2 Qg5 46. Ba3 Rd2 47.
Qxa6 Rd1+ 48. Kg2 Qd2+ 49. Kh3 Qd7+ 50. Kg2 Rd2+ 51. Kf1 Ra2 52. Bd6 Qh3+ 53.
Ke1 Ra1+ 54. Kd2 Qg2+ 0-1

[Event "Quebec op U2000"]
[Site "Montreal CAN"]
[Date "2023.08.04"]
[Round "8.31"]
[White "Beaulieu, Pierre"]
[Black "Cloutier, Jean-Pierre"]
[Result "1-0"]
[WhiteElo "1758"]
[BlackElo "1654"]
[PlyCount "61"]
[EventDate "2023.07.29"]
[EventType "swiss"]
[EventRounds "9"]
[EventCountry "CAN"]

1. Nf3 g6 2. e3 c5 3. Be2 Bg7 4. O-O Nc6 5. d3 Nf6 6. Nbd2 O-O 7. a4 d5 8. Nb3
Qd6 9. a5 e5 10. c3 Bg4 11. e4 d4 12. Nfxd4 cxd4 13. Bxg4 dxc3 14. Be2 cxb2 15.
Bxb2 Rfd8 16. Qb1 Rac8 17. Ba3 Qb8 18. Rc1 Bh6 19. Rd1 Bg7 20. Bf1 Ne8 21. g3
Nd6 22. Bh3 Rc7 23. Bxd6 Rxd6 24. Nc5 Nd4 25. Nb3 Ne2+ 26. Kh1 Rdc6 27. Qb2 Rc2
28. Qb1 Bh6 29. Re1 Qd8 30. Bf1 Qxd3 31. Rxe2 1-0

[Event "Quebec op U2000"]
[Site "Montreal CAN"]
[Date "2023.08.04"]
[Round "8.32"]
[White "Duval, Mathieu"]
[Black "Templonuevo, Mark Geryl"]
[Result "0-1"]
[WhiteElo "1744"]
[BlackElo "1886"]
[PlyCount "60"]
[EventDate "2023.07.29"]
[EventType "swiss"]
[EventRounds "9"]
[EventCountry "CAN"]

1. d4 Nf6 2. c4 c5 3. d5 b5 4. cxb5 a6 5. bxa6 g6 6. Nc3 Bxa6 7. e4 Bxf1 8.
Kxf1 d6 9. g3 Bg7 10. Kg2 O-O 11. Nge2 Nbd7 12. Qc2 Qa5 13. Bd2 Rfb8 14. b3 Ne8
15. Rab1 Nc7 16. a4 Qb6 17. f4 e6 18. Qd3 exd5 19. Nxd5 Nxd5 20. Qxd5 Nf6 21.
Qd3 Re8 22. Nc3 Qb7 23. Rhe1 Re6 24. Qb5 Qc8 25. Nd5 Nxe4 26. Nb6 Qb7 27. Nxa8
Qxa8 28. Qa5 Qd5 29. Qd8+ Bf8 30. Kh3 Nf2+ 0-1

[Event "Quebec op U2000"]
[Site "Montreal CAN"]
[Date "2023.08.04"]
[Round "8.33"]
[White "Baran, Marius"]
[Black "Nardone, Raul"]
[Result "0-1"]
[WhiteElo "1803"]
[BlackElo "1765"]
[PlyCount "124"]
[EventDate "2023.07.29"]
[EventType "swiss"]
[EventRounds "9"]
[EventCountry "CAN"]

1. d4 Nf6 2. c4 c5 3. d5 b5 4. cxb5 a6 5. bxa6 g6 6. Nc3 Bxa6 7. e4 Bxf1 8.
Kxf1 d6 9. g3 Bg7 10. Nf3 Nbd7 11. Kg2 O-O 12. a4 Ng4 13. Ra3 Nge5 14. Nxe5
Nxe5 15. Qe2 Qa5 16. f4 Nd7 17. Bd2 Rfb8 18. Nb5 Qa6 19. Rb1 Qc8 20. Bc3 Bxc3
21. bxc3 Ra5 22. c4 Rba8 23. Qc2 Nb6 24. Nxd6 exd6 25. Rxb6 Qd8 26. Qb3 Qe8 27.
Kf3 Qd7 28. Rb5 Qh3 29. Rxa5 Qf1+ 30. Ke3 Qg1+ 31. Kd3 Qd4+ 32. Kc2 Qxe4+ 33.
Qd3 Qg2+ 34. Qd2 Qxd2+ 35. Kxd2 Rxa5 36. Kc3 Kg7 37. g4 h6 38. h4 Kf6 39. Kb3
h5 40. gxh5 gxh5 41. Ra1 Kf5 42. Ka3 Ra7 43. Rb1 Kxf4 44. Rb5 Ke5 45. a5 f5 46.
Ka4 f4 47. Rb6 f3 48. Rb8 Rf7 49. Rb1 f2 50. Rf1 Ke4 51. a6 Ke3 52. Kb5 Ke2 53.
Rxf2+ Kxf2 54. Kb6 Kg3 55. a7 Rf8 56. Kc6 Kxh4 57. Kxd6 Kg3 58. Kxc5 h4 59. Kb6
h3 60. Kb7 h2 61. a8=Q Rxa8 62. Kxa8 h1=Q 0-1

[Event "Quebec op U2000"]
[Site "Montreal CAN"]
[Date "2023.08.04"]
[Round "8.34"]
[White "Selling, Edward"]
[Black "Forget, Luc"]
[Result "0-1"]
[WhiteElo "1625"]
[BlackElo "1771"]
[PlyCount "60"]
[EventDate "2023.07.29"]
[EventType "swiss"]
[EventRounds "9"]
[EventCountry "CAN"]

1. d4 Nf6 2. c4 e6 3. Nf3 b6 4. e3 Bb7 5. Bd3 Bb4+ 6. Bd2 a5 7. a3 Bxd2+ 8.
Nbxd2 d6 9. O-O O-O 10. Rc1 Nbd7 11. Re1 e5 12. e4 Re8 13. d5 a4 14. Ra1 Nc5
15. Bc2 Bc8 16. b4 axb3 17. Nxb3 Nxb3 18. Bxb3 Bd7 19. Qd3 Rf8 20. Bc2 Nh5 21.
Qe3 h6 22. Bd3 Nf4 23. Bf1 Ra5 24. g3 Nh3+ 25. Kh1 Ng5 26. Nxg5 Qxg5 27. Qxg5
hxg5 28. h3 g4 29. h4 g6 30. Bd3 Rfa8 0-1

[Event "Quebec op U2000"]
[Site "Montreal CAN"]
[Date "2023.08.04"]
[Round "9.19"]
[White "Espagnol-Echeverria, Manuel"]
[Black "Fiset, Anais Chloe"]
[Result "1/2-1/2"]
[WhiteElo "1806"]
[BlackElo "1457"]
[PlyCount "40"]
[EventDate "2023.07.29"]
[EventType "swiss"]
[EventRounds "9"]
[EventCountry "CAN"]

1. e4 c6 2. d4 d5 3. exd5 cxd5 4. c4 Nf6 5. Nc3 Nc6 6. Nf3 a6 7. cxd5 Nxd5 8.
Bc4 Be6 9. Ng5 Nxc3 10. Nxe6 Nxd1 11. Nxd8 Rxd8 12. O-O Rxd4 13. Bb3 Nxf2 14.
Be3 Rd8 15. Rxf2 e6 16. Bb6 Rd7 17. Ba4 Bd6 18. Rd1 Be5 19. Rxd7 Kxd7 20. Rxf7+
Kc8 1/2-1/2